000 00949naa a22002657a 4500
001 BR8106522
003 BR-BrBNA
005 20250716171950.0
007 ta
008 250630b bl.|||m| |||| 00| 0 por d
040 _aBR-BrBNA
_bpor
_cBiblioteca Nacional de Agricultura
041 _a(Pt)
072 _aP12
_b/G514
090 _aP12 BR8106522
100 1 _aPrieto, M.
245 1 _aLencol freatico, construcao de pocos de observacao [Brasil]
500 _aPROVARZEAS Nacional. 1 hectare vale por dez Brasilia, DF (Brasil): 1981. p. 193-203 (BR8106522-AMS)
773 0 _tPROVARZEAS Nacional. 1 hectare vale por dez
_wP12 BR8106522
_gBrasilia, DF (Brasil), 1981. p. 193-203
650 _aLENCOL FREATICO
650 _aINSTALACAO AGRICOLA
650 _aPOCO
490 _aInformacao Tecnica - Programa Nacional para Aproveitamento de Varzeas Irrigaveis (Brazil)
_vno. 1
942 _cAMS
_2AGRIS
909 _a202506
_bLúcia
_c55
_dLúcia Elande
999 _c333884
_d333884